000 00378pab a2200157 454500
008 180718b2007 xxu||||| |||| 00| 0 eng d
100 _aMack, Kathy S.
245 _aSenses of seascapes: aesthetics and the passion for knowledge
260 _c2007
300 _ap.373-90.
362 _aMay
650 _aKnowledge
773 _aOrganization
908 _aN
909 _a74242
999 _c74242
_d74242